| LEADER | 00948nam a2200253 a 4500 | ||
|---|---|---|---|
| 001 | c000097995 | ||
| 003 | CARM | ||
| 005 | 00000000000000.0 | ||
| 008 | s1986 gr a 00010 gre d | ||
| 019 | 1 | |a 5881676 |5 LACONCORD2021 | |
| 035 | |a (OCoLC)30469014 |5 LACONCORD2021 | ||
| 040 | |a VU |c VU | ||
| 043 | |a e-gr--- | ||
| 100 | 1 | |a Paraskeuopoulos, Charal. Io. | |
| 245 | 1 | 4 | |a Hoi hagies meres kai ta kalanta ta palia chronia ste demetsana : |b historia, laographia / |c Charal. Io. Paraskeuopoulou. |
| 260 | |a Athena : |b [s.n.], |c 1986. | ||
| 300 | |a 64 p. : |b ill. ; |c 21 cm. | ||
| 650 | 0 | |a Christmas |z Greece. | |
| 650 | 0 | |a Folklore |z Greece. | |
| 651 | 0 | |a Greece |x Social life and customs. | |
| 852 | 8 | |b CARM |h A2:AH19B0 |i B03566 |p 0177093 |f BK | |
| 082 | 0 | 4 | |a 394.268282 |2 20 |
| 999 | f | f | |i 665cdb82-e617-5a13-a2ea-4e8d2ea440af |s 10e046a9-8977-54ae-a166-3c9c9334d47c |
| 952 | f | f | |p Can circulate |a CAVAL |b CAVAL |c CAVAL |d CARM 1 Store |e B03566 |f A2:AH19B0 |h Other scheme |i book |m 0177093 |